000 00892nam a2200241 i 4500
001 bg
100 1 _aPŁATEK, Aleksander
245 1 0 _aElektroniczna technika pomiarowa w geodezji /
_cAleksander Płatek.
260 _aKraków :
_bWydawnictwa AGH,
_c1995.
300 _a314 s. :
_bfot., rys., wykr. ;
_c24 cm.
490 1 _a[Skrypty Uczelniane / Akademia Górniczo-Hutnicza im. S. Staszica w Krakowie],
_x0239-6114 ;
_v1424
504 _aBibliogr. s. 311-314.
650 9 _aElektronika
_xurządzenia
_xstosowanie
_xgeodezja
650 9 _aGeodezja
_xurządzenia
650 9 _aPrzyrządy pomiarowe
_xelektronika
655 _aPodręczniki akademickie
830 0 _a[Skrypty Uczelniane (Akademia Górniczo-Hutnicza im. S. Staszica w Krakowie]) ;
_v1424
040 _cBPK
041 0 _apl
080 _a528:621.38:681.7](075.8)
942 _cKS
008 s pl f |000 0 pol
999 _c32194
_d32194
856 _uhttp://koha.tu.koszalin.pl/cgi-bin/koha/opac-detail.pl?biblionumber=32194
_yKatalog online BPK